000 00373nam a22001457a 4500
008 230324b ||||| |||| 00| 0 eng d
020 _a9780816076611
041 _aeng
080 _2SECOND EDITION
_a030
082 _a030MIN
100 _a40
101 _aENCIKLO
245 _aTHE ENCYCLOPEDIA THE DIGESTIVE SYSTEM AND DIGESTIVE DISORDERS
_cMINOCHA A
942 _2udc
_cBK
999 _c59441
_d59441